• 首页
  • 本馆介绍
  • 公告通知
  • 最新文献
  • 馆藏检索
  • 电子资源
  • 读者导购
  • 参考咨询
  • 我的图书馆
  • 登录
  • 详细信息显示
  • 放入我的书架
  • 预约/预借图书
  • 作者相关作品
  • 分类相关作品
  • 丛书相关作品
  • 出版社相关作品

书目信息

  • 表格格式
  • 工作单格式
  • 卡片格式
题名:
好好说话,把话说到孩子心里去
    
 
作者: 杨颖 编著
分册:  
出版信息: 汕头   汕头大学出版社  2019
页数: 246页
开本: 21cm
丛书名:
单 册:
中图分类: G780
科图分类:
主题词: 家庭教育--教育心理学
电子资源:
ISBN: 978-7-5658-3909-2
000 00832nam0 2200229 450
001 012001003091
005 20131025090117.0
010    @a978-7-5658-3909-2@dCNY36.00
100    @a20190705d2019 em y0chiy50 ea
101 0  @achi
102    @aCN@b440000
105    @ay z 000yy
106    @ar
200 1  @a好好说话,把话说到孩子心里去@9hao hao shuo hua,ba hua shuo dao hai zi xin li qu@f杨颖编著
210    @a汕头@c汕头大学出版社@d2019
215    @a246页@d21cm
330    @a本书选取亲子关系中较为常见的场景,指导父母如何应对孩子不同的情绪,如何正确地听、说、做,通过一系列具体的方法,帮助父母和孩子建立起一个能够快乐交流的平台,使孩子变得主动积极地与父母配合。
606 0  @a家庭教育@x教育心理学
690    @aG780@v5
701  0 @a杨颖@9yang ying@4编著
801  0 @aCN@b江苏凤凰@c20191020
905    @b1226096-9@dG780@e1142@f4
    
    好好说话,把话说到孩子心里去/杨颖编著.-汕头:汕头大学出版社,2019
    246页;21cm
    
    
    ISBN 978-7-5658-3909-2:CNY36.00
    本书选取亲子关系中较为常见的场景,指导父母如何应对孩子不同的情绪,如何正确地听、说、做,通过一系列具体的方法,帮助父母和孩子建立起一个能够快乐交流的平台,使孩子变得主动积极地与父母配合。
●
相关链接 在E读中查询图书 在五车中查询图书 在当当中查询图书 在豆瓣中查询图书


正题名:好好说话,把话说到孩子心里去     索取号:G780/1142         预约/预借

序号 登录号 条形码 馆藏地/架位号 状态 备注
1 1226096   212260961   第一样本阅览室/ [索取号:G780/1142] 在馆    
2 1226097   212260970   教育系资料室/ [索取号:G780/1142] 在馆    
3 1226098   212260989   教育系资料室/ [索取号:G780/1142] 在馆    
4 1226099   212260998   第四借阅区/ [索取号:G780/1142] 在馆    
唐山师范学院图书馆 欢迎您!
大连网信软件有限公司© 版权所有